000 00831cam a22001694a 4500
005 20250605163654.0
008 250528s ||||||||||||||||||||||||d
035 _a24000
040 _aGR-AtMCL
_bgre
_dGR-AtMCL
_eAACR2
245 1 _aSupply Chain and Logistics / Το Περιοδικό για την Εφοδιαστική Αλυσίδα
260 _bParametros Group
_bScl Magazine,
_c2016
300 _a80
520 _aGrecotel Logistics Planning στον Μεγαλύτερο Ξενοδοχειακό Όμιλο, Ένας ''Υπεύθυνος' Αυτοκινητόδρομος, Μετα το Restart των Logistics ήρθε η Ώρα του Manage the Change, Άνοιγμα σε Νέες Αγορές για το Ελληνικό Επιχειρείν.
942 _cCR
999 _c8903
_d8903